हथोदियों की चोट/ (Record no. 212643)

MARC details
000 -LEADER
fixed length control field 00865nam a22001817a 4500
005 - DATE AND TIME OF LATEST TRANSACTION
control field 20250728111412.0
010 ## - LCCN (DPL NO)
LC control number HIN-130022
020 ## - INTERNATIONAL STANDARD BOOK NUMBER
International Standard Book Number 9789392259258
Terms of availability 350.00
035 ## - SYSTEM CONTROL NUMBER
System control number HN-102368
037 ## - SOURCE OF ACQUISITION
Source of stock number/acquisition DBAD
100 ## - MAIN ENTRY--PERSONAL NAME
Personal name केदारनाथ
245 ## - TITLE STATEMENT
Title हथोदियों की चोट/
Statement of responsibility, etc केदारनाथ 'सविता'
250 ## - EDITION STATEMENT
Edition statement प्रथम
260 ## - PUBLICATION, DISTRIBUTION, ETC. (IMPRINT)
Place of publication, distribution, etc उत्तर प्रदेश
Name of publisher, distributor, etc हिंदी श्री पब्लिकेशन
Date of publication, distribution, etc 2021
270 ## - ADDRESS
Address कान्ति निवास, मलेपुर, सुरियावां, महुआपुर, संत रविदास नगर,
City उत्तर प्रदेश
Postal code 221404
Telephone number 9005638004
-- 9530696004
300 ## - PHYSICAL DESCRIPTION
Extent 136 पृ.
Dimensions 21.8 सेमी (अजिल्द )
942 ## - ADDED ENTRY ELEMENTS (KOHA)
Source of classification or shelving scheme Dewey Decimal Classification
Item type Hindi Books
Classification part 821
Call number suffix केदार
Holdings
Withdrawn status Lost status Not for loan Collection code Home library Current library Date acquired Source of acquisition Cost, normal purchase price Full call number Barcode Copy number Cost, replacement price Koha item type
      Non-fiction Mobile Library Mobile Library 28/07/2025 DBAD 350.00 821 केदार HN-102368 1 350.00 Hindi Books

© Delhi Public Library
Hit Counter
free hit counter